| 000 | 00517nam a22001577a 4500 | ||
|---|---|---|---|
| 999 |
_c4961 _d4961 |
||
| 008 | 160930b xxu||||| |||| 00| 0 eng d | ||
| 022 | _a16565649 | ||
| 082 | _aDPer 303.405 H22 May-Sept 2015 n. 6-10 | ||
| 100 |
_915595 _aHusin, Salehuddin |
||
| 245 |
_aVisual aid: _ba virtual reality primer/ _cSalehuddin Husin. |
||
| 260 |
_aQuezon City: _bHardware Zone Phils. Corp., _c©2015. |
||
| 300 |
_av11 i9, pages 74-80; _c30 cm. |
||
| 500 | _aHWM Philippines. | ||
| 650 | 0 |
_915596 _aVirtual reality |
|
| 942 |
_2ddc _cPER |
||